| 000 | 00888nam a2200265 i 4500 | ||
|---|---|---|---|
| 001 | bg | ||
| 100 | 1 | _aMANIKOWSKI, Arkadiusz | |
| 245 | 1 | 0 |
_aPrognozowanie i symulacja rozwoju przedsiębiorstw / _cArkadiusz Manikowski, Zbigniew Tarapata. |
| 260 |
_aWarszawa : _bWyższa Szkoła Ekonomiczna, _c2002. |
||
| 300 |
_a394 s. : _bil. ; _c24 cm. |
||
| 504 | _aBibliogr. Indeks. | ||
| 650 | 9 |
_aEkonometria _xmetody |
|
| 650 | 9 |
_aPrzedsiębiorstwo _xprognozy _xmetody |
|
| 650 | 9 |
_aSymulacja _xstosowanie _xgospodarka |
|
| 655 | _aPodręczniki akademickie | ||
| 700 | 1 | _aTARAPATA, Zbigniew | |
| 020 | _a838699021X | ||
| 040 | _cBPK | ||
| 041 | 0 | _apol | |
| 080 | _a658.1/.5.001.18:330.43:519.876.5:004.42](075.8) | ||
| 920 | _a83-86990-21-X | ||
| 942 | _cKS | ||
| 008 | s pl f |000 0 pol | ||
| 999 |
_c43427 _d43427 |
||
| 856 |
_uhttp://koha.tu.koszalin.pl/cgi-bin/koha/opac-detail.pl?biblionumber=43427 _yKatalog online BPK |
||